| 000 | 00856cad a22002055a 4500 | ||
|---|---|---|---|
| 001 | L150430 | ||
| 008 | 100713e2010 xxk 000 0 eng d | ||
| 035 | _a(Sirsi) u150430 | ||
| 041 | 0 | _aeng | |
| 050 | _a333.72 $1 8 | ||
| 110 | 2 | _aOfficial Journal of the European Union | |
| 245 | 0 | 0 |
_aDirective 2010/31/EU of the European Parliament and of the Council of 19 May 2010 on the energy performance of buildings _brecast _h[electronic resource] |
| 260 |
_aEU _bOJ _c2010 |
||
| 520 | _aThe actual recast directive from May 2010. | ||
| 590 | _aKA | ||
| 651 | 4 | _aEurope | |
| 690 | _aENVIRONMENTAL AND LAND CONSULTANCY-ENERGY-ENERGY USE-ENERGY EFFICIENCY | ||
| 856 | 4 | 8 |
_uhttps://www.eceee.org/buildings/EPBD_Recast/EPBD_recast_19May2010.pdf _zView the website free of charge at http://eur-lex.europa.eu/JOHtml.do?uri=OJ:L:2010:153:SOM:EN:HTML |
| 942 | _n0 | ||
| 999 |
_c120870 _d120870 |
||